000 02298nam a22002537a 4500
003 Uzh_bibl
008 260629b |||||||| |||| 00| 0 ukr d
020 _a5-333-00716-0
_c0.31
040 _aукр.
041 _2ukr
_aukr
080 _a821(477)
090 _a821(477)
_bГ 95
100 _aГуріненко, Петро
245 _aДівчина з холодними очима
_hТекст
260 _aКиїв
_bУкраїнський письменник
_c1992
300 _a255 с.
_fВ опр.
520 _aРоману письменника властиві головні ознаки детективного жанру. Є в творі таємничий танкер, котрий, уникаючи нротореного морського шляху, щоб не зустрічатися з іншими суднами, перевозить на своїх палубах «секретних» пасажирів; є військовий корабель-суироводжувач, команда якого даремне намагається розгадати таємницю танкера і тих, кого на ньому потай перевозять. Навіть екстремальний випадок, що стався у відкритому морі, не наблизив моряків до розгадки таємниці... Розповідь драматично напружена, сюжет динамічний. В романі вперше розкриваються маловідомі сторінки з недавнього минулого, яке в вашій пам'яті і свідомості пов'язане з лихим періодом культу особи. До книги входять також троє оповідань.
521 _aДля широкого кола читачів
546 _aукр.
650 _aЛітературно-художнє видання
_yПеріод культу особи (середина XX століття)
_zУкраїна
653 _aТанкер
_aТаємниця
_aМоре
_aРозслідування
_aРепресії
655 _aДетективний роман, оповідання
_vРоман, оповідання
942 _2udc
_cBK
999 _c18599
_d18599